<?xml version="1.0" encoding="UTF-8"?>
<record
    xmlns:xsi="http://www.w3.org/2001/XMLSchema-instance"
    xsi:schemaLocation="http://www.loc.gov/MARC21/slim http://www.loc.gov/standards/marcxml/schema/MARC21slim.xsd"
    xmlns="http://www.loc.gov/MARC21/slim">

  <leader>01091nam a22002297a 4500</leader>
  <controlfield tag="003">BI-BuBU</controlfield>
  <controlfield tag="008">260422b2025    bd     fr|||| 000 0 fre d</controlfield>
  <datafield tag="037" ind1=" " ind2=" ">
    <subfield code="b">Don de l'auteur</subfield>
  </datafield>
  <datafield tag="039" ind1=" " ind2=" ">
    <subfield code="a">20260422100548.0</subfield>
    <subfield code="b">Thacien Mutabazi</subfield>
  </datafield>
  <datafield tag="040" ind1=" " ind2=" ">
    <subfield code="a">BI-BuBU</subfield>
    <subfield code="b">fre</subfield>
    <subfield code="c">BI-BuBU</subfield>
    <subfield code="d">BI-BuBU</subfield>
  </datafield>
  <datafield tag="041" ind1="0" ind2=" ">
    <subfield code="a">fre</subfield>
  </datafield>
  <datafield tag="080" ind1=" " ind2=" ">
    <subfield code="a">613.96</subfield>
  </datafield>
  <datafield tag="100" ind1="1" ind2=" ">
    <subfield code="4">aut.</subfield>
    <subfield code="a">Nitunga, Jean Bosco</subfield>
  </datafield>
  <datafield tag="245" ind1="1" ind2="0">
    <subfield code="a">Facteurs associ&#xE9;s &#xE0; la consommation des substances psychoactives chez les adolescents fr&#xE9;quentant les &#xE9;coles post-fondamentales au Burundi en 2024</subfield>
    <subfield code="b">cas de la commune Muyinga</subfield>
    <subfield code="c">Jean Bosco Nitunga ; Florence Munezero, directeur</subfield>
  </datafield>
  <datafield tag="260" ind1=" " ind2=" ">
    <subfield code="a">Bujumbura</subfield>
    <subfield code="b">Universit&#xE9; du Burundi, Institut de Statistique Appliqu&#xE9;e</subfield>
    <subfield code="c">2025</subfield>
  </datafield>
  <datafield tag="300" ind1=" " ind2=" ">
    <subfield code="a">XIII-65 f.</subfield>
    <subfield code="c">30 cm.</subfield>
  </datafield>
  <datafield tag="502" ind1=" " ind2=" ">
    <subfield code="a">M&#xE9;moire pr&#xE9;sent&#xE9; et soutenu publiquement en vue de l'obtention d'un dipl&#xF4;me de master en probabilit&#xE9;, statistique et mod&#xE9;lisation.
Option : Probabilit&#xE9; et Statistique</subfield>
  </datafield>
  <datafield tag="650" ind1=" " ind2="7">
    <subfield code="2">BI-BuBU</subfield>
    <subfield code="a">Adolescent</subfield>
    <subfield code="x">Substance psychoactive</subfield>
    <subfield code="y">2024</subfield>
    <subfield code="z">Muyinga (commune)</subfield>
  </datafield>
  <datafield tag="655" ind1=" " ind2="7">
    <subfield code="2">BI-BuBU</subfield>
    <subfield code="a">M&#xE9;moire</subfield>
  </datafield>
  <datafield tag="700" ind1="1" ind2=" ">
    <subfield code="4">aut.</subfield>
    <subfield code="a">Munezero, Florence</subfield>
  </datafield>
  <datafield tag="942" ind1=" " ind2=" ">
    <subfield code="2">udc</subfield>
    <subfield code="c">MEM</subfield>
  </datafield>
  <datafield tag="999" ind1=" " ind2=" ">
    <subfield code="c">53784</subfield>
    <subfield code="d">53784</subfield>
  </datafield>
  <datafield tag="952" ind1=" " ind2=" ">
    <subfield code="0">0</subfield>
    <subfield code="1">0</subfield>
    <subfield code="2">udc</subfield>
    <subfield code="4">0</subfield>
    <subfield code="7">1</subfield>
    <subfield code="9">85630</subfield>
    <subfield code="a">BC</subfield>
    <subfield code="b">BC</subfield>
    <subfield code="d">2026-04-22</subfield>
    <subfield code="e">Don de l'auteur</subfield>
    <subfield code="l">0</subfield>
    <subfield code="o">R.613.96.NIT.</subfield>
    <subfield code="p">5010000483708</subfield>
    <subfield code="r">2026-04-22</subfield>
    <subfield code="t">1</subfield>
    <subfield code="w">2026-04-22</subfield>
    <subfield code="y">MEM</subfield>
    <subfield code="i">242180</subfield>
  </datafield>
</record>
